00764nam a2200193 i 450000100060000000300090000600500170001500700030003200800410003502000180007608000410009424501720013526000710030730000300037860000540040870000340046271000520049685200220054868268ES-MaACL20230906170235.0t|040615s2004 sp ||||1| spa d a84-87694-08-X a61 Ramón y Cajal, Santiago (082.2)00aHomenaje del Ilustre Colegio Oficial de Médicos de Madrid a Santiago Ramón y Cajal b: 150 Aniversario de su nacimiento / cprólogo, Juliana Fariña González. aMadrid : bIlustre Colegio Oficial de Médicos de Madrid, c2004. a315 p. : bil. ; c21 cm.14aRamón y Cajal, Santiago,d1852-1934-vHomenajes1 aFariña González, Juliana.2 aIlustre Colegio Oficial de Médicos de Madrid. aES-MaACLjL-27965